| 000 | 00379 a2200169 4500 | ||
|---|---|---|---|
| 001 | 190310 | ||
| 020 | _a978-85-7412-321-9 | ||
| 040 | _cMagnum | ||
| 100 | _aOliveira Filho, Milton Célio de | ||
| 240 | 1 | 0 |
_aO enigma da lagoa _lpor |
| 245 | 1 | 0 | _aO enigma da lagoa |
| 300 | _a29 | ||
| 362 | 0 | _a2010 | |
| 440 | 1 | _aBrinque-Book | |
| 697 | _aLITERATURA INFANTIL | ||
| 942 | _cBK | ||
| 999 |
_c190310 _d190310 |
||